000 00586nam a2200229Ia 4500
003 OSt
005 20220928111738.0
006 a|||||r|||| 00| 0
007 ta
008 220927b |||||||| |||| 00| 0 eng d
024 _a57460
037 _cTextual
040 _aSDCL
_cSDCL
_beng
041 _2eng
_aeng
082 _aR5, M8
100 _aPahva Paramjeet
_9424828
245 0 _aSuandaryashastra vivdh ayam.
260 _aHariyana
_bSanjeev Prakashan
_c1988
300 _a96p.
_ccm.
942 _hR5, M8
_cTEXL
_2CC
999 _c741753
_d741753